<?xml version="1.0" encoding="UTF-8"?>
<record
    xmlns:xsi="http://www.w3.org/2001/XMLSchema-instance"
    xsi:schemaLocation="http://www.loc.gov/MARC21/slim http://www.loc.gov/standards/marcxml/schema/MARC21slim.xsd"
    xmlns="http://www.loc.gov/MARC21/slim">

  <leader>01539nam a22002657a 4500</leader>
  <controlfield tag="003">Uzh_bibl</controlfield>
  <controlfield tag="008">260507b        |||||||| |||| 00| 0 ukr d</controlfield>
  <datafield tag="020" ind1=" " ind2=" ">
    <subfield code="a">978-966-14-4815-4</subfield>
    <subfield code="c">32.00</subfield>
  </datafield>
  <datafield tag="040" ind1=" " ind2=" ">
    <subfield code="b">&#x443;&#x43A;&#x440;.</subfield>
  </datafield>
  <datafield tag="041" ind1=" " ind2=" ">
    <subfield code="2">ukr</subfield>
    <subfield code="a">ukr</subfield>
  </datafield>
  <datafield tag="080" ind1=" " ind2=" ">
    <subfield code="a">821(477)</subfield>
  </datafield>
  <datafield tag="090" ind1=" " ind2=" ">
    <subfield code="a">821(477)</subfield>
    <subfield code="b">&#x428; 66</subfield>
  </datafield>
  <datafield tag="100" ind1=" " ind2=" ">
    <subfield code="a">&#x428;&#x43A;&#x43B;&#x44F;&#x440;, &#x412;&#x430;&#x441;&#x438;&#x43B;&#x44C;</subfield>
  </datafield>
  <datafield tag="245" ind1=" " ind2=" ">
    <subfield code="a">&#x41A;&#x440;&#x43E;&#x432; &#x43A;&#x430;&#x436;&#x430;&#x43D;&#x430;</subfield>
    <subfield code="h">&#x422;&#x435;&#x43A;&#x441;&#x442;</subfield>
  </datafield>
  <datafield tag="260" ind1=" " ind2=" ">
    <subfield code="a">&#x425;&#x430;&#x440;&#x43A;&#x456;&#x432;</subfield>
    <subfield code="b">&#x41A;&#x43D;&#x438;&#x436;&#x43A;&#x43E;&#x432;&#x438;&#x439; &#x41A;&#x43B;&#x443;&#x431; "&#x41A;&#x43B;&#x443;&#x431; &#x421;&#x456;&#x43C;&#x435;&#x439;&#x43D;&#x43E;&#x433;&#x43E; &#x414;&#x43E;&#x437;&#x432;&#x456;&#x43B;&#x43B;&#x44F;"</subfield>
    <subfield code="c">2013</subfield>
  </datafield>
  <datafield tag="300" ind1=" " ind2=" ">
    <subfield code="a">272 &#x441;.</subfield>
    <subfield code="f">&#x412; &#x43E;&#x43F;&#x440;.</subfield>
  </datafield>
  <datafield tag="490" ind1=" " ind2=" ">
    <subfield code="v">2-&#x433;&#x435; &#x432;&#x438;&#x434;.</subfield>
  </datafield>
  <datafield tag="520" ind1=" " ind2=" ">
    <subfield code="a">&#x422;&#x430;&#x454;&#x43C;&#x43D;&#x438;&#x447;&#x430; &#x43C;&#x456;&#x441;&#x442;&#x438;&#x43A;&#x430;, &#x432;&#x456;&#x434;&#x432;&#x435;&#x440;&#x442;&#x430; &#x435;&#x440;&#x43E;&#x442;&#x438;&#x43A;&#x430;, &#x431;&#x43E;&#x436;&#x435;&#x432;&#x456;&#x43B;&#x44C;&#x43D;&#x430; &#x43A;&#x440;&#x438;&#x43C;&#x456;&#x43D;&#x430;&#x43B;&#x44C;&#x43D;&#x430; &#x456;&#x441;&#x442;&#x43E;&#x440;&#x456;&#x44F;&#x2026;&lt;br/&gt;&lt;br/&gt;&#x410;&#x43D;&#x430;&#x441;&#x442;&#x430;&#x441;&#x456;&#x44F; &#x43D;&#x456;&#x43A;&#x43E;&#x43B;&#x438; &#x43D;&#x435; &#x431;&#x443;&#x43B;&#x430; &#x432;&#x456;&#x440;&#x43D;&#x430; &#x441;&#x432;&#x43E;&#x454;&#x43C;&#x443; &#x447;&#x43E;&#x43B;&#x43E;&#x432;&#x456;&#x43A;&#x443;, &#x430; &#x43D;&#x435;&#x432;&#x434;&#x43E;&#x432;&#x437;&#x456; &#x43F;&#x456;&#x441;&#x43B;&#x44F; &#x439;&#x43E;&#x433;&#x43E; &#x437;&#x430;&#x433;&#x430;&#x434;&#x43A;&#x43E;&#x432;&#x43E;&#x457; &#x441;&#x43C;&#x435;&#x440;&#x442;&#x456; &#x43E;&#x442;&#x440;&#x438;&#x43C;&#x430;&#x43B;&#x430; &#x43F;&#x440;&#x438;&#x433;&#x43E;&#x43B;&#x43E;&#x43C;&#x448;&#x43B;&#x438;&#x432;&#x443; &#x437;&#x432;&#x456;&#x441;&#x442;&#x43A;&#x443;: &#x457;&#x457; &#x43F;&#x440;&#x438;&#x437;&#x43D;&#x430;&#x447;&#x435;&#x43D;&#x43D;&#x44F; &#x2014; &#x43D;&#x430;&#x440;&#x43E;&#x434;&#x438;&#x442;&#x438; &#x434;&#x43B;&#x44F; &#x441;&#x432;&#x456;&#x442;&#x443; &#x434;&#x438;&#x44F;&#x432;&#x43E;&#x43B;&#x430;. &#x416;&#x456;&#x43D;&#x43A;&#x430; &#x43C;&#x430;&#x43B;&#x43E; &#x43D;&#x435; &#x437;&#x431;&#x43E;&#x436;&#x435;&#x432;&#x43E;&#x43B;&#x456;&#x43B;&#x430;, &#x442;&#x430; &#x457;&#x457; &#x43A;&#x43E;&#x445;&#x430;&#x43D;&#x435;&#x446;&#x44C;, &#x43E;&#x442;&#x435;&#x446;&#x44C; &#x421;&#x435;&#x440;&#x430;&#x444;&#x438;&#x43C;, &#x43E;&#x431;&#x456;&#x446;&#x44F;&#x454; &#x43D;&#x435; &#x434;&#x43E;&#x43F;&#x443;&#x441;&#x442;&#x438;&#x442;&#x438; &#x434;&#x43E; &#x433;&#x440;&#x456;&#x445;&#x430;. &#x410;&#x43B;&#x435; &#x437;&#x434;&#x430;&#x454;&#x442;&#x44C;&#x441;&#x44F;, &#x43D;&#x456;&#x431;&#x438; &#x432;&#x456;&#x43D; &#x443; &#x437;&#x43C;&#x43E;&#x432;&#x456; &#x437; &#x43D;&#x435;&#x447;&#x438;&#x441;&#x442;&#x43E;&#x44E; &#x441;&#x438;&#x43B;&#x43E;&#x44E;&#x2026;</subfield>
  </datafield>
  <datafield tag="521" ind1=" " ind2=" ">
    <subfield code="a">&#x414;&#x43B;&#x44F; &#x448;&#x438;&#x440;&#x43E;&#x43A;&#x43E;&#x433;&#x43E; &#x43A;&#x43E;&#x43B;&#x430; &#x447;&#x438;&#x442;&#x430;&#x447;&#x456;&#x432;</subfield>
  </datafield>
  <datafield tag="546" ind1=" " ind2=" ">
    <subfield code="a">&#x443;&#x43A;&#x440;.</subfield>
  </datafield>
  <datafield tag="650" ind1=" " ind2=" ">
    <subfield code="a">&#x41B;&#x456;&#x442;&#x435;&#x440;&#x430;&#x442;&#x443;&#x440;&#x43D;&#x43E;-&#x445;&#x443;&#x434;&#x43E;&#x436;&#x43D;&#x454; &#x432;&#x438;&#x434;&#x430;&#x43D;&#x43D;&#x44F;</subfield>
  </datafield>
  <datafield tag="653" ind1=" " ind2=" ">
    <subfield code="a">&#x422;&#x430;&#x454;&#x43C;&#x43D;&#x438;&#x446;&#x44F;</subfield>
    <subfield code="a">&#x41C;&#x456;&#x441;&#x442;&#x438;&#x43A;&#x430;</subfield>
    <subfield code="a">&#x415;&#x440;&#x43E;&#x442;&#x438;&#x43A;&#x430;</subfield>
  </datafield>
  <datafield tag="655" ind1=" " ind2=" ">
    <subfield code="a">&#x41C;&#x456;&#x441;&#x442;&#x438;&#x43A;&#x430;</subfield>
    <subfield code="v">&#x420;&#x43E;&#x43C;&#x430;&#x43D;</subfield>
  </datafield>
  <datafield tag="942" ind1=" " ind2=" ">
    <subfield code="2">udc</subfield>
    <subfield code="c">BK</subfield>
  </datafield>
  <datafield tag="999" ind1=" " ind2=" ">
    <subfield code="c">17660</subfield>
    <subfield code="d">17660</subfield>
  </datafield>
  <datafield tag="952" ind1=" " ind2=" ">
    <subfield code="0">0</subfield>
    <subfield code="1">0</subfield>
    <subfield code="2">udc</subfield>
    <subfield code="4">0</subfield>
    <subfield code="7">0</subfield>
    <subfield code="a">F5</subfield>
    <subfield code="b">F5</subfield>
    <subfield code="c">ABP</subfield>
    <subfield code="d">2026-05-07</subfield>
    <subfield code="i">71637</subfield>
    <subfield code="l">0</subfield>
    <subfield code="o">821(477)</subfield>
    <subfield code="p">4247</subfield>
    <subfield code="r">2026-05-07</subfield>
    <subfield code="w">2026-05-07</subfield>
    <subfield code="y">BK</subfield>
  </datafield>
</record>
